000 003390000a22001570004500
003 MACL
040 _aMACL
090 _c32888
_d32886
100 _aAgarwal, P K
245 _aTest of Verbal Reasoning
260 _bAsian Books Private Ltd
_c2002
350 _a175
650 _aLogic
942 _cBOOK
_k160/AGA
951 _o160/AGA BOOK
999 _c32551
_d32551